| 000 | 00506 a2200157 4500 | ||
|---|---|---|---|
| 003 | Nust | ||
| 005 | 20170207154112.0 | ||
| 040 | _cNust | ||
| 082 | _a358.18 | ||
| 100 | _aRichard Simpkin | ||
| 245 |
_aTank _bWarfare _cRichard Simpkin |
||
| 260 |
_aLondon _bBrasseys publishers _c1980 |
||
| 300 | _a218 ,p.; | ||
| 505 | _aPart.1: The Handling of Armor (Page-28) part.2: Design Factors (Page-78) Part.3: Human factors and Terrain (Page-150) Part.4: The Nato Problem (page-180) | ||
| 538 | _aAlmirah No.54 Shelf No.5 | ||
| 942 |
_2ddc _cBK |
||
| 999 |
_c193900 _d193900 |
||